00318 a2200109 4500001001000000005001700010008004100027245005600068100002200124773004500146999001700191ART_3305220260410161926.0260409a 10aPerspectivas del mercado granario en el largo plazo1 aPhilipps, Marcelo0 tLecturasg- NÂș 13 (ene. 2009)wREV19328 c28185d28185